| 000 | 00489nam a22001697a 4500 | ||
|---|---|---|---|
| 005 | 20240308123220.0 | ||
| 008 | 240307b |||||||| |||| 00| 0 eng d | ||
| 020 | _a8180615839 | ||
| 082 |
_a617.606 _bTRI-E |
||
| 100 | _aTripathi, K D | ||
| 245 |
_aEssentials of pharmacology for Dentistry / _cK D Tripathi |
||
| 260 |
_aIndia : _bJaypee ; _c2005 . |
||
| 300 |
_axii , 491 p. : _bill ; _c25 cm . |
||
| 500 | _aInclude Index & Abbreviations. | ||
| 650 | _aMedical / Dentistry | ||
| 999 |
_c35263 _d35263 |
||